Διερεύνηση δυνατότητας υψίσυχνης μελέτης της λιμενικής υδροδυναμικής με χρήση οπτικών μεθόδων : η περίπτωση του λιμένα Μυτιλήνης : μεταπτυχιακή διατριβή
Αποθηκεύτηκε σε:
| Κύριος συγγραφέας: | |
|---|---|
| Συγγραφή απο Οργανισμό/Αρχή: | |
| Άλλοι συγγραφείς: | |
| Μορφή: | Thesis Βιβλίο |
| Γλώσσα: | Greek |
| Δημοσίευση: |
2012
|
| Θέματα: | |
| Διαθέσιμο Online: | http://hdl.handle.net/11610/11630 |
| Ετικέτες: |
Προσθήκη ετικέτας
Δεν υπάρχουν, Καταχωρήστε ετικέτα πρώτοι!
|
MARC
| LEADER | 00000cam a2200000 i 4500 | ||
|---|---|---|---|
| 001 | 1/34554 | ||
| 008 | 130814s2012 gre d | ||
| 035 | |l 10115294 | ||
| 040 | |a GR-MY-UA |b gre |e aacr | ||
| 041 | 0 | |a gre | |
| 082 | 0 | |a 627.2 |2 (22) | |
| 100 | 1 | |a Τσιντσίνης, Μιχαήλ. | |
| 245 | 1 | 0 | |a Διερεύνηση δυνατότητας υψίσυχνης μελέτης της λιμενικής υδροδυναμικής με χρήση οπτικών μεθόδων : |b η περίπτωση του λιμένα Μυτιλήνης : μεταπτυχιακή διατριβή / |c Τσιντσίνης Μιχαήλ ; επιβλέπων καθηγητής: Α. Βελεγράκης |
| 260 | |c 2012 | ||
| 300 | |a 62 σ.; |b πιν.; |c 30 εκ. | ||
| 502 | |a Διατριβή (μεταπτυχιακή) – Πανεπιστήμιο Αιγαίου, Λέσβος, 2012. | ||
| 504 | |a Βιβλιογραφία: σ. 61-62 | ||
| 650 | 0 | 0 | |a Harbors |z Greece |z Lesbos Island. |
| 650 | 0 | 0 | |a Harbors |x Maintenance and repair. |
| 650 | 0 | 0 | |a Hydraulic structures. |
| 650 | 0 | 0 | |a Harbors |x Design and construction. |
| 650 | 0 | 0 | |a Dissertations, Academic |z Greece. |
| 700 | 1 | |4 ths |a Βελεγράκης, Αντώνιος Φ. | |
| 710 | 2 | |a Πανεπιστήμιο Αιγαίου |b Σχολή Περιβάλλοντος |b Τμήμα Επιστημών της Θάλασσας |b Πρόγραμμα Μεταπτυχιακών Σπουδών Διαχείριση Παράκτιων Περιοχών. | |
| 852 | |a INST |b LESVOS |c DIATR |e 20130814 |h 237 |p 005100053135 |q 005100053135 |t MTXE |y 23 | ||
| 852 | |a INST |b LESVOS |c DIATR |e 20130814 |h 238 |p 005100053136 |q 005100053136 |t MTXE |y 23 | ||
| 856 | |u http://hdl.handle.net/11610/11630 | ||
| 901 | |a BIBL1-2013-2 | ||
| 909 | |a Λ |b 181919 | ||
| 909 | |a Λ |b 181920 | ||
| 924 | |a ΤΣΙΝΤΣΙΝΗΣ |b ΜΙΧΑΗΛ |y ΛΕΣΒΟΣ |z 2013-01 | ||
| 970 | |a ΤΖΑΦΕΡΗ |b ΕΥΑΓΓΕΛΙΑ |z 2013/08/21 | ||